Normal view
MARC view
- Modernism (Literature)
Entry Topical Term
001 - CONTROL NUMBER
- control field: 39782
003 - CONTROL NUMBER IDENTIFIER
- control field: OSt
005 - DATE AND TIME OF LATEST TRANSACTION
- control field: 20160405111708.0
008 - FIXED-LENGTH DATA ELEMENTS
- fixed length control field: 160405|| aca||babn | a|a d
040 ## - CATALOGING SOURCE
- Original cataloging agency: OSt
150 ## - HEADING--TOPICAL TERM
- Topical term or geographic name as entry element: Modernism (Literature)
450 ## - SEE FROM TRACING--TOPICAL TERM
- Topical term or geographic name entry element: Crepuscolarismo
550 ## - SEE ALSO FROM TRACING--TOPICAL TERM
- Topical term or geographic name entry element: Literary movements
550 ## - SEE ALSO FROM TRACING--TOPICAL TERM
- Topical term or geographic name entry element: Postmodernism (Literature)